CO2 Emissionen pro Kopf weltweit - Statistiken

Allgemein
  • Dieses Quiz wurde 65 mal gespielt
  • Das Durchschnittsergebnis liegt bei 13 aus 20
Antwortstatistiken
Rang Tonnen CO2 Land % Korrekt
12 8,05 China
100%
10 8,09 Deutschland
100%
5 14,86 USA
98%
9 8,57 Japan
91%
19 5,55 Italien
89%
6 14,3 Kanada
87%
7 12,1 Russland
85%
4 15,09 Australien
81%
8 11,89 Südkorea
72%
3 18,7 Saudi Arabien
68%
1 35,59 Katar
66%
18 6,59 Neuseeland
62%
2 21,79 Vereinigte Arabische Emirate
62%
11 8,06 Niederlande
58%
16 7,24 Österreich
47%
15 7,34 Südafrika
40%
17 6,79 Finnland
36%
14 7,57 Norwegen
36%
20 5,39 Griechenland
32%
13 7,63 Malaysia
13%
Keine übereinstimmenden Quizze gefunden
Verteilung der Resultate
Anzahl Personen mit jedem Resultat
Perzentil nach korrekt beantworteten Fragen
Ihre Resultats-Entwicklung
Sie haben dieses Quiz noch nicht gespielt